[Event "BUL-chT (Women) 47th"]
[Site "Sunny Beach"]
[Date "2014.09.21"]
[Round "3.2"]
[White "Shtereva, Slaveja"]
[Black "Djingarova, Emilia"]
[Result "0-1"]
[WhiteElo "2070"]
[BlackElo "2234"]
[PlyCount "74"]
[EventDate "2014.09.19"]
[EventType "team-tourn"]
[EventRounds "7"]
[EventCountry "BUL"]
[SourceTitle "EXT 2015"]
[Source "ChessBase"]
[SourceDate "2014.11.20"]
[SourceVersion "1"]
[SourceVersionDate "2014.11.20"]
[SourceQuality "1"]
[WhiteTeam "Pleven Spartak XXI (W)"]
[BlackTeam "Plovdiv Lokomotiv (W)"]
[WhiteTeamCountry "BUL"]
[BlackTeamCountry "BUL"]

1. c4 e5 2. Nc3 Nc6 3. g3 f5 4. Bg2 Nf6 5. d3 Bb4 6. Bd2 a6 7. a3 Bc5 8. b4 Ba7 9. b5 axb5 10. cxb5 Nd4 11. e3 Ne6 12. Nge2 0-0 13. Qb3 Kh8 14. Nd5 Nc5 15. Qb1 Nxd5 16. Bxd5 c6 17. Bg2 d6 18. 0-0 Be6 19. Bb4 Nb3 20. Ra2 f4 21. exf4 Nd4 22. Nxd4 Bxa2 23. Qxa2 Bxd4 24. bxc6 bxc6 25. Bxc6 Rc8 26. Be4 exf4 27. Qd5 Qf6 28. Qxd6 fxg3 29. Qxf6 gxh2+ 30. Kxh2 Rxf6 31. f4 Rxf4 32. Rxf4 Be5 33. Kg3 g5 34. Bd2 gxf4+ 35. Kg4 Rf8 36. a4 f3 37. Bxf3 h5+ 0-1

[Event "BUL-chT (Women) 47th"]
[Site "Sunny Beach"]
[Date "2014.09.20"]
[Round "2.2"]
[White "Nikolova, Adriana"]
[Black "Shtereva, Slaveja"]
[Result "0-1"]
[WhiteElo "2334"]
[BlackElo "2070"]
[PlyCount "164"]
[EventDate "2014.09.19"]
[EventType "team-tourn"]
[EventRounds "7"]
[EventCountry "BUL"]
[SourceTitle "EXT 2015"]
[Source "ChessBase"]
[SourceDate "2014.11.20"]
[SourceVersion "1"]
[SourceVersionDate "2014.11.20"]
[SourceQuality "1"]
[WhiteTeam "Plovdiv Lokomotiv 2000 (W)"]
[BlackTeam "Pleven Spartak XXI (W)"]
[WhiteTeamCountry "BUL"]
[BlackTeamCountry "BUL"]

1. e4 c5 2. c3 Nf6 3. e5 Nd5 4. Bc4 Nb6 5. Bb3 c4 6. Bc2 Nc6 7. Nf3 Qc7 8. Qe2 d6 9. exd6 Qxd6 10. Na3 Be6 11. b3 cxb3 12. axb3 g6 13. d4 Bg7 14. Nb5 Qb8 15. g3 Qc8 16. Bf4 Nd5 17. Bd2 a6 18. Na3 h6 19. Rd1 Bg4 20. Nc4 0-0 21. Ne3 Nxe3 22. fxe3 e5 23. d5 Nb4 24. cxb4 Qxc2 25. h3 Bxf3 26. Qxf3 e4 27. Qf4 Qxb3 28. Qxe4 Rfe8 29. Qf3 Rad8 30. 0-0 Qxd5 31. Qf2 Re7 32. Bc3 Qxd1 33. Bxg7 Qd2 34. Bd4 Qxf2+ 35. Kxf2 Rc8 36. Rb1 Rc2+ 37. Kf3 Rec7 38. b5 Rc1 39. Rb3 axb5 40. Rxb5 Kf8 41. Rb6 R1c6 42. Rb5 Ke7 43. h4 Ke6 44. g4 Rc1 45. h5 Rf1+ 46. Kg2 Rcc1 47. Rxb7 Rg1+ 48. Kf3 Rcf1+ 49. Ke2 Re1+ 50. Kf3 Ref1+ 51. Ke2 Rb1 52. Ra7 Rxg4 53. Ra6+ Kd5 54. Ra5+ Kc4 55. Rc5+ Kb4 56. Rc7 Rh1 57. Rb7+ Ka5 58. Kd3 Rd1+ 59. Kc4 Rc1+ 60. Kd3 Rg5 61. Rxf7 Rxh5 62. Rg7 g5 63. Ra7+ Kb5 64. Ra8 Rg1 65. Rb8+ Kc6 66. Rb6+ Kd7 67. e4 Rg3+ 68. Kc4 g4 69. e5 Rf3 70. Rd6+ Ke7 71. Kd5 g3 72. Rg6 Rg5 73. Re6+ Kf7 74. Rxh6 g2 75. Ke4 Rf1 76. e6+ Ke7 77. Rh7+ Kxe6 78. Rh6+ Ke7 79. Rh7+ Rf7 80. Rxf7+ Kxf7 81. Bg1 Rg3 82. Kf4 Rb3 0-1

[Event "BUL-chT (Women) 44th"]
[Site "Albena"]
[Date "2011.06.07"]
[Round "6.4"]
[White "Shtereva, Slaveja"]
[Black "Krumova, Ani"]
[Result "1/2-1/2"]
[WhiteElo "2095"]
[BlackElo "1961"]
[PlyCount "152"]
[EventDate "2011.06.02"]
[EventType "team-tourn"]
[EventRounds "7"]
[EventCountry "BUL"]
[SourceTitle "CBM 142 Extra"]
[Source "ChessBase"]
[SourceDate "2011.06.27"]
[SourceVersion "1"]
[SourceVersionDate "2011.06.27"]
[SourceQuality "1"]
[WhiteTeam "Pleven Spartak XXI (W)"]
[BlackTeam "Varna Georgi Daskalov (W)"]
[WhiteTeamCountry "BUL"]
[BlackTeamCountry "BUL"]

1. c4 e5 2. Nc3 Nc6 3. g3 d6 4. Bg2 Be6 5. d3 Qd7 6. Rb1 g6 7. b4 Bg7 8. b5 Nd8 9. h4 h6 10. Bd2 Ne7 11. Qc1 c6 12. Ne4 f5 13. Nc3 Nf7 14. e4 0-0 15. h5 g5 16. exf5 Nxf5 17. Ne4 Rac8 18. Nf3 cxb5 19. Nfxg5 Nxg5 20. Bxg5 hxg5 21. Qxg5 Nh6 22. Rxb5 b6 23. Qg6 Qf7 24. Rb2 Nf5 25. Qxf7+ Bxf7 26. g4 Nh6 27. Nxd6 Rcd8 28. Nxf7 Nxf7 29. Bd5 Kh7 30. Be4+ Kh6 31. Ke2 Ng5 32. Bf5 e4 33. Rb3 exd3+ 34. Rxd3 Rfe8+ 35. Kf1 Rxd3 36. Bxd3 Ne6 37. Rh3 Nf4 38. Rf3 Kg5 39. Bf5 Rd8 40. Ke1 Bf8 41. Rb3 Bc5 42. f3 Re8+ 43. Kd1 Re2 44. a4 Be3 45. Be4 Rd2+ 46. Kc1 Rd3+ 47. Kc2 Rxb3 48. Kxb3 Ne6 49. Kb4 Bc5+ 50. Kb5 a5 51. Kc6 Be3 52. Bd5 Nf8 53. Kd6 Kf6 54. Bc6 Ne6 55. Kd5 Nc5 56. Kd6 Nd3 57. Kc7 Ke5 58. h6 Nf4 59. Be4 Kf6 60. h7 Kg7 61. Kd6 Bd4 62. g5 Ng6 63. Kd5 Bc3 64. Kc6 Bd4 65. Kd5 Bc3 66. Kc6 Bd4 67. Bxg6 Kxg6 68. h8Q Bxh8 69. Kxb6 Kxg5 70. Kxa5 Kf6 71. Kb6 Ke7 72. a5 Kd7 73. Kb7 Bd4 74. a6 Kd6 75. a7 Bxa7 76. Kxa7 Kc5 1/2-1/2

[Event "BUL-chT (Women) 44th"]
[Site "Albena"]
[Date "2011.06.05"]
[Round "4.4"]
[White "Sirkova, Darena"]
[Black "Shtereva, Slaveja"]
[Result "1/2-1/2"]
[WhiteElo "2054"]
[BlackElo "2095"]
[PlyCount "114"]
[EventDate "2011.06.02"]
[EventType "team-tourn"]
[EventRounds "7"]
[EventCountry "BUL"]
[SourceTitle "CBM 142 Extra"]
[Source "ChessBase"]
[SourceDate "2011.06.27"]
[SourceVersion "1"]
[SourceVersionDate "2011.06.27"]
[SourceQuality "1"]
[WhiteTeam "Plovdiv Lokomotiv 2000 (W)"]
[BlackTeam "Pleven Spartak XXI (W)"]
[WhiteTeamCountry "BUL"]
[BlackTeamCountry "BUL"]

1. e4 c5 2. Nf3 e6 3. d4 cxd4 4. Nxd4 a6 5. Nc3 Qc7 6. Bd3 Nf6 7. 0-0 d6 8. Be3 b5 9. a4 b4 10. Na2 d5 11. f3 Bd6 12. h3 Bb7 13. c3 dxe4 14. fxe4 Nbd7 15. cxb4 Nxe4 16. Bxe4 Bxe4 17. Qg4 Bh2+ 18. Kh1 Qe5 19. Nc3 f5 20. Qg5 Nf6 21. Nf3 Qg3 22. Ne2 Qxg5 23. Nxg5 Be5 24. Nxe6 Ke7 25. Nxg7 Bxg2+ 26. Kxg2 Rhg8 27. Rxf5 Rxg7+ 28. Kh1 Ke6 29. Raf1 Rd7 30. Rxe5+ Kxe5 31. Bd4+ Rxd4 32. Nxd4 Kxd4 33. Rxf6 Kc4 34. Rb6 Kb3 35. a5 Kxb2 36. Kg2 Kc3 37. Kg3 Kc4 38. Kf4 Rg8 39. h4 h5 40. Kf5 Rg4 41. b5 axb5 42. a6 Kc5 43. a7 Ra4 44. Rb7 Kc6 45. Re7 b4 46. Kg6 Ra5 47. Re4 Rxa7 48. Rxb4 Ra5 49. Rb1 Kd6 50. Rg1 Ke6 51. Re1+ Re5 52. Rxe5+ Kxe5 53. Kxh5 Kf5 54. Kh6 Kf6 55. Kh7 Kf7 56. h5 Kf8 57. Kh8 Kf7 1/2-1/2

[Event "BUL-chT-A (Women) 43th"]
[Site "Albena"]
[Date "2010.05.31"]
[Round "5.3"]
[White "Petkova, Veneta"]
[Black "Shtereva, Slaveja"]
[Result "0-1"]
[WhiteElo "1942"]
[BlackElo "2093"]
[PlyCount "72"]
[EventDate "2010.05.27"]
[EventType "team-tourn"]
[EventRounds "7"]
[EventCountry "BUL"]
[SourceTitle "CBM 136 Extra"]
[Source "ChessBase"]
[SourceDate "2010.07.02"]
[SourceVersion "2"]
[SourceVersionDate "2010.07.15"]
[SourceQuality "1"]
[WhiteTeam "Krakra Pernishki (W)"]
[BlackTeam "Pleven Spartak XXI (W)"]
[WhiteTeamCountry "BUL"]
[BlackTeamCountry "BUL"]

1. e4 c5 2. Nf3 d6 3. b3 e5 4. Bb2 g6 5. Nc3 Bg7 6. Bc4 a6 7. a4 Nc6 8. Nd5 Nf6 9. Qe2 0-0 10. c3 Na5 11. 0-0 Rb8 12. Rfb1 Bg4 13. h3 Bxf3 14. Qxf3 Nxc4 15. bxc4 Nxd5 16. cxd5 f5 17. d3 fxe4 18. Qxe4 Rf4 19. Qe2 Qa5 20. c4 Rbf8 21. f3 R4f7 22. Bc1 e4 23. dxe4 Bd4+ 24. Kh1 Bxa1 25. Rxa1 b5 26. cxb5 axb5 27. Qxb5 Qe1+ 28. Kh2 Rxf3 29. Bf4 Qxa1 30. gxf3 Rxf4 31. Qe8+ Kg7 32. Qe7+ Rf7 33. Qxd6 Qd4 34. Kg3 Qg1+ 35. Kh4 Qf2+ 36. Qg3 Rf4+ 0-1

[Event "BUL-chT-A (Women) 43th"]
[Site "Albena"]
[Date "2010.05.29"]
[Round "3.4"]
[White "Videnova, Iva"]
[Black "Shtereva, Slaveja"]
[Result "1-0"]
[WhiteElo "2278"]
[BlackElo "2093"]
[PlyCount "77"]
[EventDate "2010.05.27"]
[EventType "team-tourn"]
[EventRounds "7"]
[EventCountry "BUL"]
[SourceTitle "CBM 136 Extra"]
[Source "ChessBase"]
[SourceDate "2010.07.02"]
[SourceVersion "2"]
[SourceVersionDate "2010.07.15"]
[SourceQuality "1"]
[WhiteTeam "Plovdiv Lokomotiv 2000 (W)"]
[BlackTeam "Pleven Spartak XXI (W)"]
[WhiteTeamCountry "BUL"]
[BlackTeamCountry "BUL"]

1. e4 c5 2. Nf3 e6 3. d4 cxd4 4. Nxd4 a6 5. Bd3 Qc7 6. 0-0 d6 7. c4 Nf6 8. Nc3 Be7 9. Qe2 0-0 10. f4 Nbd7 11. Kh1 Qc5 12. Be3 Qh5 13. Rf3 Nc5 14. Bc2 e5 15. fxe5 dxe5 16. Nf5 Bxf5 17. Rxf5 Qxe2 18. Nxe2 Ng4 19. Bg1 Rad8 20. Nc3 g6 21. Rff1 Ne6 22. h3 Rd2 23. Rac1 Nf6 24. Bh2 Nd7 25. Rfd1 Rxd1+ 26. Rxd1 Rd8 27. Nd5 Kf8 28. b4 Nd4 29. Bd3 Nc6 30. a3 a5 31. c5 axb4 32. axb4 Nd4 33. Bc4 f5 34. Nc7 fxe4 35. Rf1+ Bf6 36. Nd5 Kg7 37. Nxf6 Nxf6 38. Bxe5 Nf5 39. g4 1-0

[Event "BUL-chT (Women) 41th"]
[Site "Borovetz"]
[Date "2008.10.01"]
[Round "1"]
[White "Doncheva, Marinela"]
[Black "Shtereva, Slaveja"]
[Result "0-1"]
[WhiteElo "2036"]
[BlackElo "2078"]
[PlyCount "78"]
[EventDate "2008.10.01"]
[EventType "team-tourn"]
[EventRounds "7"]
[EventCountry "BUL"]
[SourceTitle "CBM 126 Extra"]
[Source "ChessBase"]
[SourceDate "2008.11.05"]
[SourceVersion "1"]
[SourceVersionDate "2008.11.05"]
[SourceQuality "1"]
[WhiteTeam "Sofia Fenix (W)"]
[BlackTeam "Vratsa (W)"]
[WhiteTeamCountry "BUL"]
[BlackTeamCountry "BUL"]

1. d4 c5 2. Nf3 cxd4 3. Nxd4 d5 4. Nc3 Nc6 5. e4 dxe4 6. Bb5 Bd7 7. Nxc6 bxc6 8. Bc4 Bf5 9. Qe2 Nf6 10. 0-0 Qc7 11. Bg5 Ng4 12. g3 h6 13. Bf4 e5 14. Nxe4 Be7 15. Bd2 0-0-0 16. Bc3 h5 17. Bxf7 Rdf8 18. Bb3 Bxe4 19. Be6+ Kb7 20. Qxe4 Nxf2 21. Qxe5 Qxe5 22. Bxe5 Bc5 23. Bxg7 Nd1+ 24. Kg2 Ne3+ 25. Kh3 Nxf1 26. Bxh8 Rf2 27. Kh4 Rxh2+ 28. Kg5 Nxg3 29. Be5 h4 30. Kg4 Rxc2 31. Kxh4 Ne2 32. Rf1 Nd4 33. Rf7+ Kb6 34. Bc8 Ka5 35. Rb7 Nf3+ 36. Kh5 Nxe5 37. b4+ Bxb4 38. Rxa7+ Kb6 39. a3 Kxa7 0-1

[Event "BUL-ch (Women) 53rd"]
[Site "Sofia"]
[Date "2004.02.27"]
[Round "11"]
[White "Savova, Stefka"]
[Black "Shtereva, Slaveja"]
[Result "1-0"]
[WhiteElo "2163"]
[BlackElo "2095"]
[PlyCount "65"]
[EventDate "2004.02.17"]
[EventType "tourn"]
[EventRounds "11"]
[EventCountry "BUL"]
[SourceTitle "EXT 2005"]
[Source "ChessBase"]
[SourceDate "2004.11.15"]
[SourceVersion "1"]
[SourceVersionDate "2004.11.15"]
[SourceQuality "1"]

1. e4 c5 2. Nf3 e6 3. d3 Nc6 4. g3 g6 5. Bg2 Bg7 6. Nbd2 h6 7. c3 Nge7 8. 0-0 d5 9. Re1 0-0 10. a3 a5 11. a4 b6 12. Qc2 d4 13. e5 Ba6 14. Nc4 Bxc4 15. dxc4 d3 16. Qd1 Qd7 17. h4 h5 18. Bf4 Rad8 19. Qd2 Qc7 20. Rad1 Rd7 21. Qe3 Rfd8 22. Rd2 Nf5 23. Qe4 Bh6 24. Bxh6 Nxh6 25. Red1 Ng4 26. Re1 Kg7 27. Bh3 Nh6 28. Qf4 Nf5 29. Qg5 Nce7 30. Qf6+ Kg8 31. Ng5 Nc6 32. Bxf5 exf5 33. e6 1-0

[Event "BUL-ch (Women) 53rd"]
[Site "Sofia"]
[Date "2004.02.21"]
[Round "5"]
[White "Genova, Liubka"]
[Black "Shtereva, Slaveja"]
[Result "1-0"]
[WhiteElo "2245"]
[BlackElo "2095"]
[PlyCount "93"]
[EventDate "2004.02.17"]
[EventType "tourn"]
[EventRounds "11"]
[EventCountry "BUL"]
[SourceTitle "EXT 2005"]
[Source "ChessBase"]
[SourceDate "2004.11.15"]
[SourceVersion "1"]
[SourceVersionDate "2004.11.15"]
[SourceQuality "1"]

1. e4 c5 2. Nf3 e6 3. d3 Nc6 4. g3 g6 5. Bg2 Bg7 6. 0-0 d6 7. c3 e5 8. a3 a5 9. a4 Nge7 10. Na3 0-0 11. Be3 b6 12. Qd2 Rb8 13. Bh6 f6 14. Bxg7 Kxg7 15. d4 Ba6 16. Rfd1 cxd4 17. cxd4 Nb4 18. Nb5 Nec6 19. Rac1 Bxb5 20. axb5 Na7 21. dxe5 fxe5 22. Qxd6 Qxd6 23. Rxd6 Nxb5 24. Rd7+ Rf7 25. Rxf7+ Kxf7 26. Nxe5+ Ke6 27. f4 Rd8 28. Bf1 Nd6 29. Bh3+ Kf6 30. Rc7 g5 31. Ng4+ Kg6 32. f5+ Nxf5 33. exf5+ Kxf5 34. Ne3+ Ke4 35. Re7+ Kd4 36. Bf5 h5 37. Bg6 h4 38. Re4+ Kc5 39. gxh4 gxh4 40. Rxh4 Rd2 41. b3 b5 42. Rh5+ Kd4 43. Nf1 Rb2 44. Rxb5 Nd5 45. Rxa5 Nf4 46. Ra4+ Ke5 47. Re4+ 1-0

[Event "BUL-ch (Women) 53rd"]
[Site "Sofia"]
[Date "2004.02.18"]
[Round "2"]
[White "Shtereva, Slaveja"]
[Black "Doncheva, Marinela"]
[Result "1-0"]
[WhiteElo "2095"]
[BlackElo "2065"]
[PlyCount "73"]
[EventDate "2004.02.17"]
[EventType "tourn"]
[EventRounds "11"]
[EventCountry "BUL"]
[SourceTitle "EXT 2005"]
[Source "ChessBase"]
[SourceDate "2004.11.15"]
[SourceVersion "1"]
[SourceVersionDate "2004.11.15"]
[SourceQuality "1"]

1. e4 c5 2. c4 Nc6 3. Nc3 g6 4. g3 Bg7 5. Bg2 d6 6. d3 e6 7. Nge2 Nge7 8. 0-0 0-0 9. Bg5 f6 10. Be3 Ne5 11. h3 N7c6 12. f4 Nf7 13. Qd2 Bd7 14. Rab1 Qe7 15. a3 a5 16. Rf2 Qe8 17. d4 cxd4 18. Nxd4 Nxd4 19. Bxd4 Qc8 20. Rc1 Ra6 21. b3 Re8 22. Be3 Bc6 23. Qd1 f5 24. exf5 gxf5 25. Bd4 e5 26. Be3 Bxg2 27. Rxg2 exf4 28. gxf4 Kf8 29. Nd5 Re6 30. Bd4 Bh8 31. Bxh8 Nxh8 32. Qh5 Rg6 33. Qxh7 Rxg2+ 34. Kxg2 Nf7 35. Re1 Qc5 36. Nf6 Qc6+ 37. Kh2 1-0

[Event "BUL-chT (Women)"]
[Site "Plovdiv"]
[Date "2003.11.??"]
[Round "7"]
[White "Savova, Stefka"]
[Black "Shtereva, Slaveja"]
[Result "1-0"]
[WhiteElo "2163"]
[BlackElo "2106"]
[PlyCount "75"]
[EventDate "2003.11.05"]
[EventType "team"]
[EventRounds "7"]
[EventCountry "BUL"]
[SourceTitle "EXT 2006"]
[Source "ChessBase"]
[SourceDate "2005.11.24"]
[SourceVersion "1"]
[SourceVersionDate "2005.11.24"]
[SourceQuality "1"]

1. e4 c5 2. Nf3 e6 3. d3 g6 4. d4 Bg7 5. dxc5 Qa5+ 6. c3 Qxc5 7. Be3 Qc7 8. Na3 Bxc3+ 9. bxc3 Qxc3+ 10. Nd2 Qxa3 11. Nc4 Qc3+ 12. Bd2 Qd4 13. Bb4 Qxd1+ 14. Rxd1 Nc6 15. Nd6+ Kf8 16. Bc3 f6 17. Be2 Ke7 18. g4 e5 19. 0-0 Nh6 20. f4 Rf8 21. Bb2 a5 22. fxe5 fxe5 23. Rxf8 Kxf8 24. g5 Ng8 25. Bc4 b5 26. Bxb5 Nge7 27. Rf1+ Kg7 28. Ne8+ Kg8 29. Bc4+ d5 30. exd5 Ba6 31. Nf6+ Kg7 32. Bxa6 Rxa6 33. dxc6 Nxc6 34. Nd7 Ra7 35. Nxe5 Nxe5 36. Bxe5+ Kg8 37. Rc1 Rd7 38. Rc8+ 1-0

[Event "BUL-chT (Women)"]
[Site "Plovdiv"]
[Date "2003.11.??"]
[Round "2"]
[White "Shtereva, Slaveja"]
[Black "Djingarova, Emilia"]
[Result "0-1"]
[WhiteElo "2106"]
[BlackElo "2300"]
[PlyCount "103"]
[EventDate "2003.11.05"]
[EventType "team"]
[EventRounds "7"]
[EventCountry "BUL"]
[SourceTitle "EXT 2006"]
[Source "ChessBase"]
[SourceDate "2005.11.24"]
[SourceVersion "1"]
[SourceVersionDate "2005.11.24"]
[SourceQuality "1"]

1. c4 e5 2. Nc3 Bb4 3. g3 Bxc3 4. dxc3 d6 5. Bg2 Nc6 6. e4 Be6 7. Qe2 Nge7 8. Nf3 h6 9. Nd2 Qd7 10. Nf1 Bh3 11. f3 Bxg2 12. Qxg2 f5 13. Ne3 fxe4 14. fxe4 Rf8 15. Bd2 Nd8 16. Nd5 Ne6 17. Be3 Nc6 18. Qh3 0-0-0 19. 0-0-0 Kb8 20. Rhf1 Nc5 21. Qxd7 Nxd7 22. b4 b6 23. g4 Rxf1 24. Rxf1 Rf8 25. Rxf8+ Nxf8 26. Kd2 Ne6 27. h4 Ncd8 28. Ne7 c6 29. Nf5 Kc7 30. Kd3 Kd7 31. a4 c5 32. Ke2 cxb4 33. cxb4 Nc6 34. b5 Na5 35. Kd3 Nb7 36. Kc3 Nbc5 37. Bxc5 Nxc5 38. Nxg7 Nxe4+ 39. Kc2 Nf6 40. g5 hxg5 41. hxg5 Nh7 42. Nf5 Nxg5 43. Ne3 Ne4 44. Kb3 Nc5+ 45. Kb4 Nb7 46. Nd5 Ke6 47. Kc3 Nc5 48. Kb4 e4 49. a5 bxa5+ 50. Kxa5 Ke5 51. b6 axb6+ 52. Kxb6 0-1

[Event "BUL-chT (Women)"]
[Site "Plovdiv"]
[Date "2003.11.??"]
[Round "4"]
[White "Shtereva, Slaveja"]
[Black "Plachkinova, Tatjana Georgieva"]
[Result "1/2-1/2"]
[WhiteElo "2106"]
[BlackElo "2171"]
[PlyCount "84"]
[EventDate "2003.11.05"]
[EventType "team"]
[EventRounds "7"]
[EventCountry "BUL"]
[SourceTitle "EXT 2006"]
[Source "ChessBase"]
[SourceDate "2005.11.24"]
[SourceVersion "1"]
[SourceVersionDate "2005.11.24"]
[SourceQuality "1"]

1. c4 Nf6 2. Nc3 e5 3. g3 g6 4. Bg2 Bg7 5. e4 0-0 6. Nge2 Nc6 7. 0-0 d6 8. d3 Be6 9. f4 Qd7 10. Nd5 Bg4 11. Bf3 Bh3 12. Bg2 Bxg2 13. Kxg2 Nxd5 14. cxd5 Ne7 15. Nc3 c6 16. f5 gxf5 17. Qh5 cxd5 18. exf5 f6 19. g4 b5 20. Rf3 Rf7 21. Rh3 Bh8 22. Bh6 b4 23. Ne2 Rc8 24. Rf1 Rc2 25. Rf2 d4 26. g5 Nxf5 27. g6 hxg6 28. Qxg6+ Rg7 29. Bxg7 Qxg7 30. Qxg7+ Bxg7 31. Rxf5 Rxe2+ 32. Rf2 Rxf2+ 33. Kxf2 Kf7 34. Kf3 f5 35. Rg3 Bf6 36. Rg2 Ke6 37. Rg8 d5 38. Re8+ Kd7 39. Ra8 Ke6 40. Re8+ Kd7 41. Ra8 Ke6 42. Re8+ Kd7 1/2-1/2

[Event "Wch U18 Girls"]
[Site "Heraklion"]
[Date "2002.11.23"]
[Round "10"]
[White "Shtereva, Slaveja"]
[Black "Pogonina, Natalija"]
[Result "0-1"]
[WhiteElo "2077"]
[BlackElo "2397"]
[PlyCount "134"]
[EventDate "2002.11.15"]
[EventType "swiss"]
[EventRounds "11"]
[EventCountry "GRE"]
[SourceTitle "CBM 091 Extra"]
[Source "ChessBase"]
[SourceDate "2003.01.09"]
[SourceVersion "1"]
[SourceVersionDate "2003.01.09"]
[SourceQuality "1"]

1. c4 c5 2. Nc3 Nc6 3. g3 g6 4. Bg2 Bg7 5. e4 d6 6. d3 h5 7. h4 Nf6 8. Nge2 0-0 9. 0-0 Bg4 10. f3 Bd7 11. Rb1 Rb8 12. a3 a5 13. Kh2 Ne8 14. Bh3 Bxh3 15. Kxh3 Nc7 16. a4 Nd4 17. Kg2 Qd7 18. Bd2 Nc6 19. Nf4 b6 20. Nfd5 Ne6 21. Nf4 Ned4 22. Nce2 Nxe2 23. Nxe2 e6 24. Bc3 d5 25. Bxg7 Kxg7 26. exd5 exd5 27. Nf4 d4 28. Qd2 Ne7 29. b3 Nf5 30. Nd5 Rfe8 31. Rfe1 Re6 32. Rxe6 fxe6 33. Nf4 Qd6 34. Qe1 Ne3+ 35. Kf2 Rf8 36. Qe2 Qe5 37. Kg1 Qf5 38. Re1 Qe5 39. Kh2 g5 40. Ng2 gxh4 41. Nxh4 Qf6 42. f4 e5 43. f5 Qg5 44. Ng2 Ng4+ 45. Kg1 Rxf5 46. Nh4 Rf2 47. Qe4 Qf6 48. Qb7+ Kh6 49. Ng2 Qg6 50. Qb8 Rf6 51. Nh4 Qg7 52. Qc8 Qf7 53. Qa8 Ne3 54. Ng2 Rf1+ 55. Kh2 Ng4+ 56. Kh3 Rxe1 57. Qh8+ Kg5 58. Qd8+ Qf6 59. Qxf6+ Kxf6 60. Nxe1 e4 61. Kh4 Nf2 62. dxe4 d3 63. e5+ Kxe5 64. Kxh5 Kd4 65. Nxd3 Kxd3 66. g4 Nxg4 67. Kxg4 Kc3 0-1

[Event "Wch U18 Girls"]
[Site "Heraklion"]
[Date "2002.11.17"]
[Round "4"]
[White "Shtereva, Slaveja"]
[Black "Srebrnic, Ana"]
[Result "1/2-1/2"]
[WhiteElo "2077"]
[BlackElo "2241"]
[PlyCount "49"]
[EventDate "2002.11.15"]
[EventType "swiss"]
[EventRounds "11"]
[EventCountry "GRE"]
[SourceTitle "CBM 091 Extra"]
[Source "ChessBase"]
[SourceDate "2003.01.09"]
[SourceVersion "1"]
[SourceVersionDate "2003.01.09"]
[SourceQuality "1"]

1. c4 g6 2. Nc3 Bg7 3. g3 d6 4. Bg2 e5 5. e4 f5 6. d3 Nf6 7. Nge2 Nc6 8. 0-0 0-0 9. Rb1 Nh5 10. exf5 Bxf5 11. Nd5 Qd7 12. Ne3 Bh3 13. b3 Bxg2 14. Kxg2 Nd8 15. d4 exd4 16. Nxd4 Nf7 17. Bb2 Nf6 18. Nd5 Ng5 19. Nf4 Nfe4 20. Nde2 Bxb2 21. Rxb2 Nf6 22. g4 Ne6 23. Nxe6 Qxe6 24. Nf4 Qf7 25. Nd5 1/2-1/2

[Event "EU-ch (Women) 3rd"]
[Site "Varna"]
[Date "2002.06.07"]
[Round "11"]
[White "Smokina, Karolina"]
[Black "Shtereva, Slaveja"]
[Result "1/2-1/2"]
[WhiteElo "2143"]
[BlackElo "2071"]
[PlyCount "108"]
[EventDate "2002.05.27"]
[EventType "swiss"]
[EventRounds "11"]
[EventCountry "BUL"]
[SourceTitle "CBM 088 Extra"]
[Source "ChessBase"]
[SourceDate "2002.07.01"]
[SourceVersion "2"]
[SourceVersionDate "2002.07.01"]
[SourceQuality "1"]

1. c4 f5 2. g3 Nf6 3. Bg2 g6 4. Nc3 Bg7 5. d4 0-0 6. e3 d6 7. Nf3 Qe8 8. d5 e6 9. dxe6 Qxe6 10. Nd5 Nxd5 11. cxd5 Qe7 12. 0-0 Nd7 13. Nd4 Nc5 14. b4 Ne4 15. Qd3 Bd7 16. Rb1 Rfc8 17. Bb2 Be8 18. g4 Bd7 19. gxf5 gxf5 20. Ne2 Bxb2 21. Rxb2 a6 22. Qd4 Nf6 23. Nf4 Qe5 24. Rd2 a5 25. Rb1 b6 26. b5 a4 27. Qxe5 dxe5 28. Nd3 e4 29. Ne5 Ra5 30. Bf1 Kf8 31. Bc4 Ke7 32. Nc6+ Bxc6 33. dxc6 Raa8 34. Rbd1 Rd8 35. Rxd8 Rxd8 36. Rxd8 Kxd8 37. Be6 Ke7 38. Bxf5 Kd6 39. f3 Kc5 40. fxe4 Kxb5 41. e5 Nd5 42. Bxh7 Kxc6 43. Be4 Kc5 44. e6 Ne7 45. Bf3 Kd6 46. Bg4 b5 47. Kf1 b4 48. Bd1 b3 49. a3 Kxe6 50. Ke2 Ke5 51. Kd3 Nf5 52. Bf3 b2 53. Kc2 Nxe3+ 54. Kxb2 Nc4+ 1/2-1/2

[Event "EU-ch (Women) 3rd"]
[Site "Varna"]
[Date "2002.06.06"]
[Round "10"]
[White "Shtereva, Slaveja"]
[Black "Kaps, Darja"]
[Result "0-1"]
[WhiteElo "2071"]
[BlackElo "2251"]
[PlyCount "90"]
[EventDate "2002.05.27"]
[EventType "swiss"]
[EventRounds "11"]
[EventCountry "BUL"]
[SourceTitle "CBM 088 Extra"]
[Source "ChessBase"]
[SourceDate "2002.07.01"]
[SourceVersion "2"]
[SourceVersionDate "2002.07.01"]
[SourceQuality "1"]

1. c4 Nf6 2. Nc3 g6 3. g3 Bg7 4. Bg2 0-0 5. e4 d6 6. Nge2 c5 7. d3 Nc6 8. 0-0 Ne8 9. Rb1 Nc7 10. a3 a5 11. Nd5 Ne6 12. b4 axb4 13. axb4 Ned4 14. Nxd4 Nxd4 15. bxc5 dxc5 16. Bf4 Ra2 17. Bc7 Qd7 18. Bb6 Ne2+ 19. Kh1 e6 20. Qb3 exd5 21. Qxa2 Nc3 22. Qc2 Nxb1 23. Qxb1 dxc4 24. Bxc5 c3 25. Bxf8 Bxf8 26. e5 b5 27. d4 Qxd4 28. Qxb5 c2 29. Qe2 Bf5 30. e6 fxe6 31. Bf3 e5 32. Rc1 Bd3 33. Qd2 Bb4 34. Qg5 Ba3 35. Qf6 Bf5 36. Qc6 e4 37. Be2 e3 38. f3 Bxc1 39. Qe8+ Kg7 40. Qe7+ Kh6 41. Qf8+ Qg7 42. Qd6 Qf7 43. Qf4+ g5 44. Qd6+ Bg6 45. h4 Bb2 0-1

[Event "EU-ch (Women) 3rd"]
[Site "Varna"]
[Date "2002.06.03"]
[Round "7"]
[White "Kouvatsou, Maria"]
[Black "Shtereva, Slaveja"]
[Result "1/2-1/2"]
[WhiteElo "2232"]
[BlackElo "2071"]
[PlyCount "90"]
[EventDate "2002.05.27"]
[EventType "swiss"]
[EventRounds "11"]
[EventCountry "BUL"]
[SourceTitle "CBM 088 Extra"]
[Source "ChessBase"]
[SourceDate "2002.07.01"]
[SourceVersion "2"]
[SourceVersionDate "2002.07.01"]
[SourceQuality "1"]

1. e4 c5 2. c3 Nf6 3. e5 Nd5 4. d4 cxd4 5. cxd4 e6 6. Nc3 Nxc3 7. bxc3 Qc7 8. Bd2 d6 9. f4 b6 10. Nf3 Bb7 11. Bd3 Nd7 12. 0-0 Be7 13. Qe1 0-0 14. Qg3 Rfd8 15. Qh3 Nf8 16. Rae1 Bd5 17. exd6 Qxd6 18. f5 exf5 19. Qxf5 Bxa2 20. c4 Bf6 21. Kh1 Rac8 22. Rc1 g6 23. Qb5 Bxd4 24. Be4 Qa3 25. Bd5 Bg7 26. Ng5 Rc5 27. Qb4 Qxb4 28. Bxf7+ Kh8 29. Bxb4 Rxg5 30. Be7 Rxg2 31. Kxg2 Rd2+ 32. Rf2 Rxf2+ 33. Kxf2 b5 34. Rc2 Bb3 35. Rc1 a5 36. Ke2 Nd7 37. Be8 Bxc4+ 38. Rxc4 bxc4 39. Bxd7 Be5 40. h3 Kg7 41. Bd8 h5 42. Kf3 c3 43. Ba4 Bf6 44. Bxa5 g5 45. Bc2 g4+ 1/2-1/2